00973nam a2200301 i 4500003001000000005001700010007000300027008004100030020001800071020001500089040003500104041000800139082001400147100003100161245009600192250002200288264005000310300002600360336002700386337003300413338002800446490002700474500002100501505007500522650002200597650002500619650002700644CO-BoRNBP20250304160423.0ta231009t2019 ck |||g| 001 0|spa | a9789584278326 a9584278320 aCO-BoRNBPbspaerdacCO-BoRNBP0 hspa04a613bR36c1 aRios, Carlosd1991-eautor10aCome comida realbuna guía para transformar tu alimentación y tu salud /cCarlos Ríos aPrimera edición 1aBogotá, ColombiabPlaneta Colombiana c2019 a315 páginasc23 cm  atextobtxt2rdacontent asin mediaciónbn2rdamedia avolumenbnc2rdacarrier0 aPaidós divulgación aIncluye índice0 aPrimera parte: Los ultraprocesados. -- Segunda parte: Come comida real17aNutrición2LEMB17aAlimentación2LEMB17aCalidad de vida2LEMB